000 00638nam a2200229Ia 4500
005 20250508163936.0
008 008 250505s9999 xx 000 0 eng d
020 _a0-12-092871-X
037 _aReference
040 _aFEDL
_beng
_cFEDL
041 _aeng
_2eng
084 _a150, BER
_qFEDL
100 _aBerninger Virginia W
_9776800
245 0 _aBrain literacy for educators and psychologists
260 _aAmsterdam, USA
_bAcademic
_c2002
300 _axxii,373p.
365 _aUSD
_b69.95
650 _aPsychology
700 _a Richards Todd L
_9776801
942 _cREF
_h150, BER
999 _c1386198
_d1386198